000 00488nam a2200193 a 4500
001 1770285652648
003 YourLibrary
005 20260205153742.0
008 260205s1971##################000#0#eng##
020 _a9780333107249
082 0 4 _a330.15608
_bKEY
100 1 _aKeynes, John Maynard,
_eauthor.
245 1 0 _aA Treatise on Money :
260 _c1971.
300 _a390 pages
650 0 _aBanks and banking.
942 _cENGLISH
040 _aYourLibrary
_beng
_cYourLibrary
999 _c610454
_d610454